Cities of Massachusetts - Statistics

General Stats
  • This quiz has been taken 16 times
  • The average score is 20 of 59
Answer Stats
County Population (Circa 2010) Answer % Correct
Middlesex 105,162 Cambridge
92%
Suffolk 617,660 Boston
85%
Hampden 153,060 Springfield
85%
Worcester 181,045 Worcester
85%
Plymouth 93,810 Brockton
69%
Middlesex 106,519 Lowell
69%
Norfolk 92,271 Quincy
69%
Essex 41,340 Salem
62%
Bristol 88,857 Fall River
54%
Essex 90,329 Lynn
54%
Middlesex 75,754 Somerville
54%
Barnstable 45,193 Barnstable
46%
Suffolk 35,177 Chelsea
46%
Middlesex 68,318 Framingham
46%
Hampshire 28,549 Northampton
46%
Berkshire 44,737 Pittsfield
46%
Hampshire 37,819 Amherst
38%
Bristol 43,593 Attleboro
38%
Bristol 95,072 New Bedford
38%
Norfolk 35,744 Braintree
31%
Hampden 55,298 Chicopee
31%
Worcester 40,318 Fitchburg
31%
Norfolk 31,635 Franklin
31%
Worcester 20,228 Gardner
31%
Essex 60,879 Haverhill
31%
Hampden 39,880 Holyoke
31%
Essex 76,377 Lawrence
31%
Middlesex 85,146 Newton
31%
Bristol 55,874 Taunton
31%
Middlesex 60,632 Waltham
31%
Hampden 28,391 West Springfield
31%
Norfolk 53,743 Weymouth
31%
Hampden 28,438 Agawam
23%
Essex 39,502 Beverly
23%
Hampshire 16,053 Easthampton
23%
Hampden 15,720 East Longmeadow
23%
Middlesex 41,667 Everett
23%
Essex 28,789 Gloucester
23%
Worcester 40,759 Leominster
23%
Norfolk 32,112 Randolph
23%
Suffolk 51,755 Revere
23%
Suffolk 17,497 Winthrop
23%
Essex 16,283 Amesbury
15%
Plymouth 26,563 Bridgewater
15%
Franklin 17,456 Greenfield
15%
Middlesex 59,450 Malden
15%
Middlesex 56,173 Medford
15%
Middlesex 26,983 Melrose
15%
Essex 47,255 Methuen
15%
Berkshire 13,708 North Adams
15%
Essex 51,251 Peabody
15%
Hampden 41,094 Westfield
15%
Middlesex 38,120 Woburn
15%
Middlesex 38,499 Marlborough
8%
Essex 17,416 Newburyport
8%
Bristol 28,712 North Attleborough
8%
Middlesex 31,915 Watertown
8%
Hampden 12,140 Palmer
0%
Worcester 16,719 Southbridge
0%
No matching quizzes found
Score Distribution
Percent of People with Each Score
Percentile by Number Answered
Your Score History
You have not taken this quiz